000 00320nam a22001337a 4500
008 170927b xxu||||| |||| 00| 0 eng d
020 _a9780131592896
041 _aeng
080 _28 ED
_a37
100 _a47
101 _aEDU
245 _aAPPLIED BEHAVIOR ANALYSIS FOR TEACHERS
_cALBERTO.P.A
942 _2udc
_cBK
999 _c30250
_d30250